Multi-criteria decision analysis: methods and software
Saved in:
| Main Authors: | , |
|---|---|
| Format: | Bog |
| Sprog: | engelsk |
| Udgivet: |
Chichester, United Kingdom.
Wiley,
2013
|
| Udgivelse: | 1a. ed |
| Fag: | |
| Tags: |
Tilføj Tag
Ingen Tags, Vær først til at tagge denne postø!
|
MARC
| LEADER | 00000cam a2200000 a 4500 | ||
|---|---|---|---|
| 001 | UCD9535 | ||
| 003 | CL-VaPUC | ||
| 005 | 20211125074227.0 | ||
| 008 | 170626e20130000uk |||||||||||||||||eng|d | ||
| 999 | |c 368663 |d 368661 | ||
| 020 | |a 9781119974079 | ||
| 040 | |c Pontificia Universidad Católica de Valparaíso | ||
| 082 | 0 | 4 | |a 519.6 ISH 2013 |2 21 |
| 100 | 0 | |a Ishizaka, Alessio |e author |9 593198 | |
| 245 | 1 | 0 | |a Multi-criteria decision analysis: methods and software |
| 250 | |a 1a. ed | ||
| 260 | |a Chichester, United Kingdom. |b Wiley, |c 2013 | ||
| 300 | |a 296 páginas | ||
| 583 | |a last modification |c 20170626 01:10:00 |k Rodrigo Vera | ||
| 650 | 0 | |a Optimización matemática |9 259780 | |
| 650 | 0 | |a Toma de decisiones |9 257530 | |
| 700 | 0 | |a Nemery, Philippe |e author |9 593199 | |
| 942 | |c BK |2 ddc | ||
| 945 | |d 20170626 01:10:00 |a dcastane | ||
| 952 | |0 0 |1 0 |3 erd |4 0 |6 519_600000000000000_ISH_2013 |7 0 |8 A |9 484054 |a BIBING |b BIBING |i 5401968 |o 519.6 ISH 2013 |p 5401968 |r 2025-01-20 |w 2019-11-24 |y BK |z Catalogado en:20170626 |k CCI | ||
| 952 | |0 0 |1 0 |3 erd |4 0 |6 519_600000000000000_ISH_2013 |7 0 |8 A |9 484055 |a BIBING |b BIBING |i 5401976 |o 519.6 ISH 2013 |p 5401976 |r 2025-01-20 |w 2019-11-24 |y BK |z Catalogado en:20170626 |k CCI | ||
| 952 | |0 0 |1 0 |2 ddc |4 0 |6 519_600000000000000_ISH_2013 |7 0 |8 A |9 579209 |a BIBING |b BIBING |d 2021-11-09 |e 74 |g 89267.00 |i 5625726 |o 519.6 ISH 2013 |p 5625726 |r 2025-01-20 |t 3 |v 89267.00 |w 2021-11-09 |y BK |k CCI | ||